000 00421nam a2200169 a 4500
001 3490
005 20140414131916.0
008 040721s19uu xx 00 eng d
020 _a
050 _aER
_bG93 2002
245 _aGulliver's travels.
260 _aMalaysia :
_bKohwai & Young,
_c[n.d.]
300 _a1 v. : ill. ; cm.
440 _aFavourite Fairy Tales Series
650 _aFairy tales.
999 _c111460
_d111460